LEADER 01460nam0 2200385 450 001 000022646 005 20090209131642.0 010 $a88-421-0620-8$bvol. 1 010 $a88-421-0621-6$bvol. 2 010 $a88-421-0622-4$bvol. 3 010 $a88-421-0623-2$bvol. 4 010 $a88-421-0624-0$bvol. 5 100 $a20090205d2001----km-y0itay50------ba 101 0 $aita 102 $aIT 105 $aa-------001yy 200 1 $aStoria della Calabria$f[a cura di] P. Bevilacqua 210 $aRoma$aBari$cLaterza$d2001 215 $a5 v.$cill.$d21 cm 225 2 $aStorie regionali 327 1 $a1.: Dalla preistoria all'alto impero romano / Piero Bevilacqua ... [et al.]$a2.: Dal tardo impero romano al 1350 / Filippo Burgarella, Giorgio Otranto, Augusto Placanica$a3.: Dal 1350 al 1650 / Mario Alcaro ... [et al.]$a4.: Dal 1650 al 1900 / Francesco Barra ... [et al.]$a5.: Il Novecento / Vittorio Cappelli ... [et al.] 410 0$12001$aStorie regionali 500 10$aStoria della Calabria$959934 610 1 $aCalabria$aStoria 676 $a945.78$v19$9Storia della Calabria 702 1$aBevilacqua,$bPiero$4070 801 0$aIT$bUNIPARTHENOPE$c20090205$gRICA$2UNIMARC 912 $a000022646 951 $a040S/139a$b333$cNAVA2 951 $a040S/139b$b334$cNAVA2 951 $a040S/139c$b335$cNAVA2 951 $a040S/139d$b336$cNAVA2 951 $a040S/139e$b337$cNAVA2 996 $aStoria della Calabria$959934 997 $aUNIPARTHENOPE LEADER 04127nam 2200769 450 001 9910466351403321 005 20200520144314.0 010 $a3-11-043064-9 010 $a3-11-043072-X 024 7 $a10.1515/9783110430646 035 $a(CKB)3710000000609727 035 $a(EBL)4426439 035 $a(SSID)ssj0001624590 035 $a(PQKBManifestationID)16361854 035 $a(PQKBTitleCode)TC0001624590 035 $a(PQKBWorkID)14813989 035 $a(PQKB)10870853 035 $a(MiAaPQ)EBC4426439 035 $a(DE-B1597)453348 035 $a(OCoLC)1002233239 035 $a(OCoLC)1004868590 035 $a(OCoLC)1011439229 035 $a(OCoLC)979585687 035 $a(OCoLC)982875352 035 $a(OCoLC)992453977 035 $a(OCoLC)999355428 035 $a(DE-B1597)9783110430646 035 $a(Au-PeEL)EBL4426439 035 $a(CaPaEBR)ebr11163739 035 $a(CaONFJC)MIL900975 035 $a(OCoLC)945612115 035 $a(EXLCZ)993710000000609727 100 $a20160315h20162016 uy 0 101 0 $ager 135 $aur|n|---||||| 181 $ctxt 182 $cc 183 $acr 200 10$aDiskurse des alter(n)s $eo?ffentliches sprechen u?ber alter in der Bundesrepublik Deutschland /$fCarolin Kru?ger 210 1$aBerlin, [Germany] ;$aBoston, [Massachusetts] :$cDe Gruyter,$d2016. 210 4$d©2016 215 $a1 online resource (550 p.) 225 1 $aDiskursmuster =$aDiscourse Patterns ;$vBand 11 300 $aDescription based upon print version of record. 311 $a3-11-043065-7 311 $a3-11-043929-8 320 $aIncludes bibliographical references and index. 327 $tFrontmatter -- $tInhaltsverzeichnis -- $t1. Einleitung -- $tI: Theoretischer Teil -- $t2. Theoretische Grundlegung und Methodik -- $t3. Der Forschungsstand: Alter, Sprache und Diskurse -- $tII: Empirischer Teil -- $t4. Das Untersuchungskorpus -- $t5. Der Teildiskurs "Pflege" -- $t6. Der Teildiskurs "Zielgruppe" -- $t7. Der Teildiskurs "Generation" -- $t8. Der Alter(n)sdiskurs - Kontinuitäten und Brüche: Zusammenschau der Ergebnisse -- $t9. Schluss -- $t10. Literaturverzeichnis -- $t11. Abbildungsverzeichnis -- $t12. Tabellenverzeichnis -- $t13. Abkürzungsverzeichnis -- $t14. Register 330 $aDer so genannte "demografische Wandel" hat sich in den vergangenen Jahren zu einem breit diskutierten Thema entwickelt. Der augenfälligste Aspekt dieses Wandels, die veränderte Altersstruktur der deutschen Bevölkerung, wird besonders massenmedial thematisiert. Bezüglich dieser massenmedialen Diskurse existieren bisher lediglich pauschale Urteile und punktuelle Eindrücke. Insbesondere der Anteil, den die Sprache an der Konstruktion öffentlicher Bilder von Alter(n) hat, ist bislang nicht systematisch untersucht worden. Die vorliegende Arbeit verfolgt das Ziel, massenmediale, nicht-wissenschaftliche Diskurse zum Thema "Alter(n)" über mehrere Dekaden (1950er bis einschließlich 2000er Jahre) diskurslinguistisch zu analysieren, um festzustellen, inwiefern sie sich angesichts des Wandels von sozio-ökonomischen und demographischen Rahmenbedingungen verändern. Gleichzeitig werden auch Alter(n)sbilder im Sinne kollektiver Deutungsmuster und ihre sprachliche Konstruktion untersucht. In der vorliegenden Arbeit wird erstmals diskurslinguistische Methodik auf den öffentlichen Altersdiskurs angewendet. Die diskursiven Kontinuitäten und Brüche des öffentlichen Sprechens und damit der sprachlichen Konstruktion von Alter werden herausgearbeitet. 410 0$aDiskursmuster ;$vBand 11. 606 $aDiscourse analysis$zGermany 606 $aOlder people$zGermany 606 $aOld age$zGermany 608 $aElectronic books. 615 0$aDiscourse analysis 615 0$aOlder people 615 0$aOld age 676 $a305.260943 686 $aCQ 7000$2rvk 700 $aKru?ger$b Carolin$f1984-$01049543 801 0$bMiAaPQ 801 1$bMiAaPQ 801 2$bMiAaPQ 906 $aBOOK 912 $a9910466351403321 996 $aDiskurse des alter(n)s$92478630 997 $aUNINA LEADER 00861nam0-22003011i-450 001 990001726440403321 005 20250923111204.0 035 $a000172644 035 $aFED01000172644 035 $a(Aleph)000172644FED01 100 $a20030910d1913----km-y0itay50------ba 101 0 $aita 102 $aIT 105 $a--------101yy 200 1 $aAtti del congresso forestale italiano$eTorino, 1911 210 $aTorino$cTip. Ditta G. Derossi$d1913 215 $a298 p.$d25 cm 610 0 $aForeste 676 $a634.9 710 12$aCongresso forestale italiano$f<1911 ;$eTorino>$0355366 801 0$aIT$bUNINA$gRICA$2UNIMARC 901 $aBK 912 $a990001726440403321 952 $a60 634.9 B 1$b19618$fFAGBC 952 $aA MUSA 1020$b03/4266/25$fFAGBC 959 $aFAGBC 996 $aAtti del congresso forestale italiano$9359869 997 $aUNINA LEADER 02181nam0 22005293i 450 001 VAN00292573 005 20260130085658.951 017 70$2N$a9789401111928 100 $a20250509d1994 |0itac50 ba 101 $aeng 102 $aNL 105 $a|||| ||||| 181 $ai$b e 182 $ab 183 $acr 200 1 $aScheduling Theory$eMulti-Stage Systems$fby V. S. Tanaev, Y. N. Sotskov and V. A. Strusevich 210 $aDordrecht$cSpringer$cKluwer$d1994 215 $avii, 404 p.$d24 cm 300 $aTradotto dal russo 410 1$1001VAN00022423$12001 $aMathematics and its applications$1210 $aDordrecht$cReidel$d1977-2007$1300 $aL'editore varia in: Kluwer ; [poi] Springer$v285 500 1$3VAN00292575$aTeoriya raspisaniy. Mnogostadiynyye sistemy$94376624 606 $a90B35$xScheduling theory, deterministic in operations research [MSC 2020]$3VANC033687$2MF 610 $aAlgorithms$9KW:K 610 $aApproximations$9KW:K 610 $aComplexity$9KW:K 610 $aGraphs$9KW:K 610 $aManufacturing$9KW:K 610 $aNetworks$9KW:K 610 $aOperations Research$9KW:K 610 $aOptimization$9KW:K 610 $aProduction$9KW:K 610 $aScheduling$9KW:K 620 $aNL$dDordrecht$3VANL000068 700 1$aTanaev$bVyacheslav S.$3VANV248236$01817880 701 1$aSotskov$bYuri N.$3VANV248237$0741192 701 1$aStrusevich$bVitaly A.$3VANV248239$0881862 712 $aKluwer $3VANV108116$4650 712 $aSpringer $3VANV108073$4650 790 1$aSotskov, Yu. N.$zSotskov, Yuri N.$3VANV248238 801 $aIT$bSOL$c20260206$gRICA 856 4 $uhttps://doi.org/10.1007/978-94-011-1192-8$zE-book ? Accesso al full-text attraverso riconoscimento IP di Ateneo, proxy e/o Shibboleth 899 $aBIBLIOTECA DEL DIPARTIMENTO DI MATEMATICA E FISICA$1IT-CE0120$2VAN08 912 $fN 912 $aVAN00292573 950 $aBIBLIOTECA DEL DIPARTIMENTO DI MATEMATICA E FISICA$d08DLOAD e-Book 11643 $e08eMF11643 20250625 996 $aTeoriya raspisaniy. Mnogostadiynyye sistemy$94376624 997 $aUNICAMPANIA